Olomoucký kraj orientační mapa /

Hlavní autor: Machovský, Jan, 1973-
Korporativní autor: Olomoucký kraj (Česko : 2000-)
Další autoři: Vybíralová, Pavla
Jazyk: Čeština
Vydáno: Olomouc : Olomoucký kraj, 2003
Témata:
Externí odkaz: Digitalizovaný dokument
Fyzický popis: 1 mapa : barev. ; 42 x 30 cm
Mapy
Uloženo v:
LEADER 01548nem a2200373 a 4500
001 000727085
003 CZ BrMZK
005 20140509122405.0
007 aj canzn
008 040802s2003 xr |||||||a r 0|||cze d
015 |a cnb001305413 
034 0 |a a  |d E0164216  |e E0175527  |f N0502720  |g N0491544 
040 |a BOA001  |b cze 
043 |a e-xr---  |b e-xr-ol  |2 czenas 
072 7 |a 913(437)  |x Geografie Česka a Slovenska, reálie, cestování  |2 Konspekt  |9 7 
072 7 |a 912  |x Mapy. Atlasy. Glóby  |2 Konspekt  |9 7 
080 |a 796.5  |2 MRF 
080 |a 338.483.1  |2 MRF 
080 |a (437.325)  |2 MRF 
080 |a (084.3) 
100 1 |a Machovský, Jan,  |d 1973-  |7 mzk2005266024  |4 aut 
245 1 0 |a Olomoucký kraj  |h [kartografický dokument] :  |b orientační mapa /  |c [mapa Jan Machovský ; texty Pavla Vybíralová] 
255 |a Měřítko neuvedeno  |c (016°42´16" v.d.--017°55´27" v.d./050°27´20" s.š.--049°15´44" s.š.) 
260 |a Olomouc :  |b Olomoucký kraj,  |c 2003 
300 |a 1 mapa :  |b barev. ;  |c 42 x 30 cm 
500 |a Na rubu stručný text ke kulturním a přírodním památkám 
650 0 7 |a turistika  |7 ph116506  |z Česko  |2 czenas 
650 0 7 |a turistické zajímavosti  |7 ph126800  |z Česko  |2 czenas 
651 7 |a Olomoucký kraj (Česko : 2000-)  |7 ge136508  |2 czenas 
700 1 |a Vybíralová, Pavla  |7 xx0031431  |4 aut 
710 1 |a Olomoucký kraj (Česko : 2000-)  |7 ge136508 
856 4 1 |u http://www.digitalniknihovna.cz/mzk/uuid/uuid:b842b823-a259-47f1-bd24-9d3f211935f7  |y Digitalizovaný dokument 
910 |a BOA001  |b Mpa-1138.858 
990 |a MP